Villes mondiales finissant par T - Statistiques

Statistiques générales
  • Ce quiz a été pris 101 fois
    51 depuis la dernière actualisation
  • Le résultat moyen est 14 sur 20
Statistiques - réponses
Question Ville % Correct
Capitale du Maroc Rabat
100%
Ville de Croatie ou nom du cocktail commençant par Banana Split
90%
Capitales européennes souvent confondues Bucarest
86%
Budapest
86%
Kertch , Magellan, Bosphore ou Béring par exemple Détroit
83%
Plus grande ville du Finistère, a l'ouest comme en Biélorussie Brest
76%
On pense a cette ville quand on évoque la Mauritanie Nouakchott
76%
Capitale de l'Ouzbékistan Tachkent
76%
Ville connue pour son festival interceltique Lorient
72%
Ville ayant 4 fois la lettre demandée, siège de Porsche et Mercedes Stuttgart
72%
Capitale d'Asie ayant les 4 même dernières lettres que la réponse précédente Achgabat
69%
Une préfecture qui apparemment se trouve sur un territoire Belfort
69%
Ville très touristique en Thaïlande Phuket
69%
Les Demoiselles de _ _ _ _ _ _ _ _ _ Rochefort
69%
Préfecture des Deux-Sèvres Niort
66%
Préfecture de la Creuse Guéret
62%
Grande Montagne dont le nom est une ville arménienne Ararat
59%
L'_ _ _ _ _ _ _ _ _ _ de Llobregat en Espagne Hospitalet
45%
Ville des Pays-Bas, ayant gagnée 3 fois la coupe nationale de football Utrecht
45%
Ville du Canada dont un chanteur prénommé Mike porte le même nom Brant
41%
Aucun quiz correspondant
Distribution des résultats
% des personnes avec chaque résultat
Percentile par nombre de réponses
Votre historique - résultats
Vous n’avez pas pris ce quiz depuis la dernière actualisation